000 00196 a2200097 4500
020 _a9780062409416
041 _aeng
100 _aLaura Numeroff
245 _aIf you give a dog a donut
942 _cK
999 _c28392
_d28392